000 00301nam a22001337a 4500
020 _a978-93-83080-40-3
082 _a894.812
_bKRI/U
100 _aS.KRISHNAKUMAR
245 _aUPANYASAMALA
260 _aTRICHUR
_bH & C BOOKS
_c2015
300 _a131
650 _aMALAYALAM ESSAYS
_zKERALA
942 _cBK
999 _c1098
_d1098